banner koha

Flask sealing on in vitro seed germination and morphogenesis of two types of ornamental pepper explants (Registro n. 328982)

MARC details
000 -LÍDER
fixed length control field 04430nab a2200337 i 4500
003 - CÓDIGO MARC DA AGÊNCIA CATALOGADORA
Campo de controle BR-BrBNA
005 - DATA E HORA DA ÚLTIMA ATUALIZAÇÃO
Campo de controle 20241203135930.0
008 - CAMPO DE TAMANHO FIXO
fixed length control field 241203b2017 bl.mr|pooa||| 00| 0 eng |
040 ## - FONTE DA CATALOGAÇÃO
Agência catalogadora BR-BrBNA
Idioma da catalogação eng
072 ## - CATEGORIA AGRIS
Código AGRIS F60
Código do objeto 2322
072 ## - CATEGORIA AGRIS
Código AGRIS F02
100 ## - ENTRADA PRINCIPAL - NOME PESSOAL
Nome pessoal Batista, Diego Silva
100 ## - ENTRADA PRINCIPAL - NOME PESSOAL
Nome pessoal Dias, Leonardo Lucas Carnevalli
100 ## - ENTRADA PRINCIPAL - NOME PESSOAL
Nome pessoal Rêgo, Mailson Monteiro do
100 ## - ENTRADA PRINCIPAL - NOME PESSOAL
Nome pessoal Saldanha, Cleber Witt
100 ## - ENTRADA PRINCIPAL - NOME PESSOAL
Nome pessoal Otoni, Wagner Campos
245 ## - TÍTULO PRINCIPAL
Título principal Flask sealing on in vitro seed germination and morphogenesis of two types of ornamental pepper explants
500 ## - NOTA GERAL
Nota geral Publicação on-line; 28 ref.; 2 tables; Sumaries (En, Pt)
942 ## - ADDED ENTRY ELEMENTS (KOHA)
Koha item type Analítica
520 ## - NOTA DE RESUMO
Nota de conteúdo <br/><br/>ABSTRACT - The influence of flask sealing and explant source on the in vitro morphogenesis of pepper, were evaluated in Capsicum annuum. Seeds were sterilized and inoculated in Murashige and Skoog media supplemented with vitamins, myo-inositol, sucrose, and agar. Gas exchange was evaluated in the germination stage by comparing 3 flask-sealing systems: rigid polypropylene lids (PLs) without vents, PLs with 1 vent, and PLs with 2 vents covered with membranes. In the regeneration stage, cotyledon and hypocotyl segments were transferred to the organogenesisinducing media, being the different sealing types also tested in a factorial scheme. Photosynthetic pigments, morphological and hystological analyses were conducted for each treatment. Plants maintained in glass flasks capped with vented lids showed more vigorous growth and differentiated anatomical structures. These treatments resulted in taller plants, higher numbers and more expanded leaves, higher fresh and dry weights, and an increase in photosynthetic pigments. Cultivation of C. annuum in flasks with reduced gas exchange was more effective on callus induction. During the regeneration stage, hypocotyls were more effective than cotyledons. Sealing type influenced the morphogenic responses of pepper, demonstrating that an increase in gas exchange has a positive effect on biomass production and acclimatization of the plantlets.<br/><br/>Key words: micropropagation, gas exchange, ornamental plant, Capsicum annuum.
520 ## - NOTA DE RESUMO
Nota de conteúdo <br/><br/>RESUMO: Objetivando avaliar a influência de trocas gasosas e da fonte de explante na morfogênese in vitro de pimenteira ornamental, sementes de Capsicum annuum foram desinfestadas e inoculadas em meio de Murashige e Skoog suplementado com vitaminas, mio-inositol, sacarose e ágar. O efeito das trocas gasosas foi avaliado na fase de germinação, utilizando três tipos de vedações nos frascos: tampas de polipropileno rígido (TPR) sem membrana (controle), TPR com um orifício (10mm de diâmetro) coberto com membrana e TPR com dois orifícios cobertos com membranas permeáveis à gases. Na fase de regeneração, segmentos de hipocótilo e cotilédones foram transferidos para o meio de indução de organogênese e os diferentes tipos de vedação foram novamente testados em esquema fatorial. Análises anatômicas de pigmentos fotossintéticos e de características morfológicas foram realizadas. Plântulas cultivadas em frascos com tampas com membranas apresentaram estruturas anatômicas diferenciadas e mais vigorosas. Esses tratamentos resultaram em plântulas maiores, com folhas mais expandidas, maior número de folhas, maior massa fresca e seca e maior quantidade de pigmentos fotossintéticos. O cultivo de C. annuum em frascos com menores trocas gasosas foi mais eficaz na indução de calos. Durante o estágio de regeneração, hipocótilos foram mais eficazes do que cotilédones. O tipo de vedação influenciou nas respostas morfogênicas em pimenteira, demonstrando que o aumento nas trocas gasosas tem um efeito positivo sobre a produção de biomassa e aclimatização das plântulas.<br/><br/>Palavras-chave: micropropagação, trocas gasosas, planta ornamental, Capsicum annuum.
650 ## - ASSUNTO - THESAGRO
Cabeçalho tópico ou nome geográfico PIMENTA
650 ## - ASSUNTO - THESAGRO
Cabeçalho tópico ou nome geográfico PLANTA ORNAMENTAL
650 ## - ASSUNTO - THESAGRO
Cabeçalho tópico ou nome geográfico SEMENTE
650 ## - ASSUNTO - THESAGRO
Cabeçalho tópico ou nome geográfico FISIOLOGIA VEGETAL
650 ## - ASSUNTO - THESAGRO
Cabeçalho tópico ou nome geográfico MICROPROPAGAÇÃO
650 ## - ASSUNTO - THESAGRO
Cabeçalho tópico ou nome geográfico TROCA GASOSA
773 0# - ENTRADA ANALÍTICA
Host Biblionumber 2408
Registro do item 346529
Imprenta Santa Maria-RS Universidade Federal de Santa Maria - Centro de Ciências Rurais 1991
Outro identificador 2024-7200
Título Ciência Rural (Brazil)
ISSN 0103-8478 Versão online ISSN 1678-4596
Colação v. 47(3) p. 1-6; (2017)
Número de controle de registro BR2024003814
856 ## - ACESSO E ENDEREÇO ELETRÔNICO
Identificador uniforme de recurso - URI https://www.scielo.br/j/cr/a/Lx59ch6T8KrdXkDTzRrB4fq/?format=pdf&lang=en

Nenhum exemplar disponível.

BINAGRI

Telefone: (61)3218-2567/2388/3357/2097 - binagri@agro.gov.br

Ministério da Agricultura e Pecuária , Esplanada dos Ministérios, Bloco D, Anexo B, Brasília/DF, CEP: 70.043-900